| 000 | 00396 a2200157 4500 | ||
|---|---|---|---|
| 001 | 60009 | ||
| 020 | _a3893259856 | ||
| 040 | _cAnchieta - Pituba | ||
| 100 | _aMané, Albert Martin | ||
| 240 | 1 | 0 |
_aGlobales lernen im schulalltag _lpor |
| 245 | 1 | 0 | _aGlobales lernen im schulalltag |
| 300 | _a205 | ||
| 362 | 0 | _a2001 | |
| 650 | 4 | _aLínguas germânicas (teutônicas) língua alemã | |
| 942 | _cBK | ||
| 999 |
_c60009 _d60009 |
||